NFL Cities By Team Name - Statistics

General Stats
  • This quiz has been taken 52 times
  • The average score is 28 of 32
Answer Stats
Hint Answer % Correct
Dolphins Miami
100%
Jets New York
100%
Giants New York
100%
Ravens Baltimore
97%
Bills Buffalo
97%
Texans Houston
97%
Steelers Pittsburg
97%
Lions Detroit
94%
Jaguars Jacksonville
94%
Chiefs Kansas City
94%
Seahawks Seattle
94%
Bears Chicago
90%
Browns Cleveland
90%
Packers Green Bay
90%
Chargers Los Angeles
90%
Rams Los Angeles
90%
Patriots New England
90%
49ers San Francisco
90%
Commanders Washington
90%
Cowboys Dallas
87%
Raiders Las Vegas
87%
Eagles Philadelphia
87%
Buccaneers Tampa Bay
87%
Panthers Carolina
84%
Vikings Minnesota
84%
Saints New Orleans
84%
Cardinals Arizona
81%
Falcons Atlanta
81%
Broncos Denver
81%
Titans Tennessee
81%
Bengals Cincinatti
71%
Colts Indianapolis
71%
No matching quizzes found
Score Distribution
Percent of People with Each Score
Percentile by Number Answered
Your Score History
You have not taken this quiz